000
00193 a2200097 4500
001
19589
100
_a
Marx K
245
_a
Capital (Vol-II)
260
_a
_b
Progress
_c
090
_c
14283
_d
14283
942
_a
NUST-CAE
_c
M
_c
4762
999
_c
254662
_d
254662